00418 2200169 4500245004600000020002200046250001100068100001900079700002100098650003000119005001900149260002600168041001400194084000800208300002300216336000900239 aMimpi yang BerhargacSusi AnggrainihText a978-602-9473-23-0 aCet. 1 aSusi Anggraini aAudiyaning Wulan aNovel Pendidikan Karakter a20230120094535 aJakartabMozaikc2014 aIndonesia a813 a136 hlm. :c21 cm. atext